| 000 | 01425nam a2200325 4500 | ||
|---|---|---|---|
| 001 | 19124110 | ||
| 005 | 20220725161226.0 | ||
| 008 | 160607s2017 maua 000 0 eng | ||
| 010 | _a 2016025145 | ||
| 040 |
_aDLC _beng _cDLC _erda _dDLC |
||
| 042 | _apcc | ||
| 050 | 0 | 0 |
_aQA76.64 _b.D35 2017 |
| 082 | 0 | 0 |
_a005.133,DAL _223 |
| 100 | 1 |
_aDale, Nell _q(Nell B.), _eauthor. _994987 |
|
| 245 | 1 | 0 |
_aObject-oriented data structures using Java / _cNell Dale, Daniel T. Joyce, Chip Weems. |
| 250 | _a3rd edition. | ||
| 264 | 1 |
_aBurlington, MA : _bJones & Bartlett Learning, _c[2018] |
|
| 300 |
_axix, 799 pages : _billustrations ; _c24 cm |
||
| 336 |
_atext _btxt _2rdacontent |
||
| 337 |
_aunmediated _bn _2rdamedia |
||
| 338 |
_avolume _bnc _2rdacarrier |
||
| 505 | 0 | _aGetting organized (Page-1), Abstract Data Types (Page-63),The stack ADT (Page-159), Recursion (Page-243), The queue ADT (Page-297),The Queue ADT (Page-297), The list ADT (Page-383) The binary search tree ADT (Page-531), The priority queue , Heaps and Graphs (Page-613), Sorting and searching algorithms (Page-671). | |
| 650 | 0 | _aObject-oriented programming (Computer science) | |
| 650 | 0 | _aData structures (Computer science) | |
| 650 | 0 |
_aJava (Computer program language) _98017 |
|
| 700 | 1 |
_aJoyce, Daniel T., _eauthor. _994988 |
|
| 700 | 1 |
_aWeems, Chip., _eauthor. _936737 |
|
| 906 |
_a7 _bcbc _corignew _d1 _eecip _f20 _gy-gencatlg |
||
| 942 |
_2ddc _cREF |
||
| 999 |
_c590590 _d590590 |
||